|
|
|
|
| LEADER |
00000nab a2200000 ar4500 |
| 001 |
vtls009008564 |
| 003 |
SK-MaSNL |
| 005 |
20260303065524.0 |
| 008 |
070723c1976 xo |r|p|||||||000 b|slo |
| 015 |
|
|
|a SNBRB2007/07
|2 snkbucl
|
| 038 |
|
|
|a SNKBUCL
|
| 040 |
|
|
|a SNKBUCL
|b ukr
|c SNKBUCL
|e AACR2
|
| 041 |
|
|
|a ukr
|
| 044 |
|
|
|a xo
|c SK
|
| 080 |
|
|
|a 78.087.684.079
|2 1997
|
| 100 |
1 |
|
|a Popovec, Mychajlo
|4 aut
|9 1034394
|
| 245 |
1 |
0 |
|a Svjato zamahurskoho kraju
|c Mychajlo Popovec
|
| 300 |
|
|
|b Obr.
|
| 500 |
|
|
|a XI. Festival ukrajinských speváckych kolektivov v Kamjonke
|
| 611 |
2 |
7 |
|a Festival ukrajinských speváckych kolektívov
|n (11. :
|d 1976 :
|c Kamjonka, Ukrajina)
|2 snkbucl
|9 1063473
|
| 651 |
|
7 |
|a Kamjonka (Ukrajina)
|2 snkbucl
|9 1063474
|
| 773 |
0 |
|
|t Nove žytťa
|g Roč. 25, č. 24 (1976), s. 1
|
| 852 |
|
|
|a SNK
|b KIS3GCP
|
| 958 |
|
|
|a UK
|
| 999 |
|
|
|c 1751531
|d 1753461
|